000 00741nam a2200217 4500
999 _c8635
_d8635
001 22693
003 BD-DhUAP
005 20250703160944.0
008 250703b2015 ii a|eo| |||| 001 0aeng d
020 _a9789385360015
020 _a9781935677604
040 _aBD-DhUAP
_bEng
_cBD-DhUAP
_dBD-DhUAP
_eBD-DhUAP
082 _223
_a759.954 MAJ
100 _aMajumdar, Soumik Nandy.
_e(Author)
245 _a8 Bengal Masters:
_bMiracles of Existence /
_cSoumik Nandy Majumdar (Author).
260 _aPanchvati ;
_bMapinPub ,
_c2015.
300 _a 120 pages :
_billustrations (chiefly color), portraits ;
_c31 cm .
650 _aArt bengali 20e siècle Expositions
_v1900-1999
650 _aArt, Bengali 20th century Exhibitions.
942 _2ddc
_cBK